| 000 | 00603nam a22002177a 4500 | ||
|---|---|---|---|
| 003 | UA-OsUOA | ||
| 001 | 50711 | ||
| 007 | ta | ||
| 008 | 20071123b un ||||| |||| 00| 0 ukr d | ||
| 100 | _aКислюк К. | ||
| 090 |
_a101 _bК-21 |
||
| 942 | _cSA | ||
| 040 |
_aUA-OsUOA _bukr _cUA-OsUOA _dUA-OsUOA |
||
| 245 | _aУкраїнська історіографія: концепт і концепція | ||
| 300 | _aС.75-94 | ||
| 955 | _a0 | ||
| 041 | _aukr | ||
| 080 | _a101 | ||
| 773 | 0 |
_w50710 _tФілософська думка _dК. _d2007 _g4 |
|
| 650 | 7 |
_a1 Філософські науки _2UDC |
|
| 999 |
_c336803 _d336803 |
||